[Event "Caioba Telecom op"]
[Site "Caioba"]
[Date "2017.09.29"]
[Round "3"]
[White "Chang, Suzana"]
[Black "Bueno, Vinicius Nogueira"]
[Result "1-0"]
[WhiteElo "2098"]
[BlackElo "1769"]
[PlyCount "73"]
[EventDate "2017.09.28"]
[EventType "swiss"]
[EventRounds "8"]
[EventCountry "BRA"]
[SourceTitle "EXT 2018"]
[Source "ChessBase"]
[SourceDate "2017.10.13"]
[SourceVersion "1"]
[SourceVersionDate "2017.10.13"]
[SourceQuality "1"]

1. e4 c5 2. Nf3 d6 3. c3 Nf6 4. Bd3 Bg4 5. h3 Bxf3 6. Qxf3 Nc6 7. 0-0 e6 8. Bb5 Nd7 9. Qe2 a6 10. Ba4 b5 11. Bc2 Be7 12. Rd1 Bf6 13. f4 0-0 14. e5 Ncxe5 15. fxe5 Bxe5 16. d4 cxd4 17. cxd4 Bf6 18. Qd3 g6 19. Bh6 Re8 20. Nd2 Qb6 21. Ne4 Bh8 22. Be3 f5 23. Ng5 Qd8 24. Bb3 Nf8 25. a4 Bf6 26. Nf3 bxa4 27. Rxa4 a5 28. Ra2 Kg7 29. Qd2 e5 30. Bh6+ Kh8 31. Ng5 Qb6 32. Bd5 Ra7 33. Nf7+ Rxf7 34. Bxf7 Rb8 35. Qxa5 Qxa5 36. Rxa5 exd4 37. Bd5 1-0

[Event "Joinville op U220"]
[Site "Joinville"]
[Date "2017.02.18"]
[Round "3"]
[White "Piccoli, Lucas Fonseca"]
[Black "Bueno, Vinicius Nogueira"]
[Result "0-1"]
[WhiteElo "1904"]
[BlackElo "1632"]
[PlyCount "114"]
[EventDate "2017.02.17"]
[EventType "swiss"]
[EventRounds "7"]
[EventCountry "BRA"]
[SourceTitle "CBM 177 Extra"]
[Source "ChessBase"]
[SourceDate "2017.04.27"]
[SourceVersion "1"]
[SourceVersionDate "2017.04.27"]
[SourceQuality "1"]

1. c4 Nf6 2. Nc3 e6 3. e4 Bb4 4. e5 Ng8 5. Qg4 Kf8 6. d4 Bxc3+ 7. bxc3 f6 8. Nf3 Nc6 9. Bd3 d6 10. Ba3 Nh6 11. Qf4 Nf7 12. g4 Kg8 13. exf6 Qxf6 14. Qxf6 gxf6 15. 0-0-0 e5 16. Rhg1 Ng5 17. Nxg5 fxg5 18. Be4 exd4 19. cxd4 Na5 20. Bb4 Nc6 21. Bc3 Kf7 22. h4 gxh4 23. d5 Re8 24. Bxh7 Ne5 25. g5 Ng6 26. Rde1 Bf5 27. f4 h3 28. Kd2 Re4 29. Rxe4 Bxe4 30. Rf1 h2 31. f5 Ne5 32. g6+ Kf6 33. Bxe5+ dxe5 34. g7 Kxg7 35. Bg6 h1Q 36. Rxh1 Bxh1 37. Ke3 Rh8 38. Kd3 Rh3+ 39. Kc2 Kf6 40. Be8 Be4+ 41. Kb2 Bxf5 42. Ba4 e4 43. c5 Ke5 44. Bb3 Rd3 45. Bc4 Rd4 46. Kc3 e3 47. Bf1 Rd2 48. Bc4 Rc2+ 49. Kb3 Rxc4 50. Kxc4 e2 51. c6 bxc6 52. dxc6 e1Q 53. a4 a5 54. Kb3 Qb4+ 55. Ka2 Be6+ 56. Ka1 Qa3+ 57. Kb1 Bf5# 0-1

[Event "Joinville op U220"]
[Site "Joinville"]
[Date "2017.02.17"]
[Round "2"]
[White "Bueno, Vinicius Nogueira"]
[Black "Moretto, Leticia Soares"]
[Result "1-0"]
[WhiteElo "1632"]
[BlackElo "1749"]
[PlyCount "75"]
[EventDate "2017.02.17"]
[EventType "swiss"]
[EventRounds "7"]
[EventCountry "BRA"]
[SourceTitle "CBM 177 Extra"]
[Source "ChessBase"]
[SourceDate "2017.04.27"]
[SourceVersion "1"]
[SourceVersionDate "2017.04.27"]
[SourceQuality "1"]

1. e4 e5 2. Nf3 Nc6 3. Bb5 Bc5 4. 0-0 Nf6 5. Bxc6 bxc6 6. Nxe5 0-0 7. d4 Bd6 8. Nc3 Ba6 9. Nd3 Ng4 10. Qxg4 Bxd3 11. cxd3 c5 12. e5 cxd4 13. exd6 dxc3 14. bxc3 cxd6 15. Rb1 Qe7 16. Bg5 f6 17. Rfe1 Qf7 18. Bf4 Rae8 19. Bxd6 Rxe1+ 20. Rxe1 Re8 21. Rxe8+ Qxe8 22. Qe4 Qxe4 23. dxe4 Kf7 24. f4 Ke6 25. Bc5 a5 26. a4 d6 27. Bb6 f5 28. exf5+ Kxf5 29. Bxa5 Ke6 30. g4 Kd5 31. f5 Kc4 32. Bc7 Kxc3 33. Bxd6 Kc4 34. Be5 Kb4 35. Bxg7 Kxa4 36. f6 Kb5 37. f7 h5 38. f8Q 1-0